[Event "Wch U18 blitz"]
[Site "Terme Catez"]
[Date "2024.12.16"]
[Round "1"]
[White "Borrmann, Laurenz"]
[Black "Bradac, Simon"]
[Result "1-0"]
[WhiteElo "2405"]
[BlackElo "1861"]
[PlyCount "62"]
[EventDate "2024.12.16"]
[EventType "swiss (blitz)"]
[EventRounds "22"]
[EventCountry "SLO"]
[SourceTitle "CB51_2024"]
[SourceDate "2024.12.18"]
[SourceVersion "1"]
[SourceVersionDate "2024.12.18"]
[SourceQuality "1"]

1. Nf3 d5 2. d4 Nf6 3. c4 c6 4. Qc2 g6 5. e3 Bf5 6. Bd3 Bxd3 7. Qxd3 Bg7 8. 0-0 0-0 9. Nc3 Na6 10. a3 Nc7 11. b4 dxc4 12. Qxc4 a5 13. bxa5 Rxa5 14. e4 Ne6 15. Rd1 Qc8 16. Qb4 Qc7 17. Be3 Rfa8 18. a4 Nh5 19. Rac1 Qb8 20. Qxe7 Nhf4 21. g3 Bf8 22. Qh4 Nh5 23. d5 cxd5 24. exd5 Nc5 25. Qc4 Nxa4 26. Nxa4 Rxa4 27. Qd3 R4a6 28. Nd4 Nf6 29. Nb5 Ba3 30. Rb1 Bd6 31. Bg5 Ne8 1-0

[Event "Wch U18 blitz"]
[Site "Terme Catez"]
[Date "2024.12.16"]
[Round "2"]
[White "Bradac, Simon"]
[Black "Borrmann, Laurenz"]
[Result "0-1"]
[WhiteElo "1861"]
[BlackElo "2405"]
[PlyCount "56"]
[EventDate "2024.12.16"]
[EventType "swiss (blitz)"]
[EventRounds "22"]
[EventCountry "SLO"]
[SourceTitle "CB51_2024"]
[SourceDate "2024.12.18"]
[SourceVersion "1"]
[SourceVersionDate "2024.12.18"]
[SourceQuality "1"]

1. c4 g6 2. Nc3 Bg7 3. g3 e5 4. Bg2 Ne7 5. d3 d6 6. Rb1 a5 7. a3 0-0 8. Nf3 f5 9. 0-0 Nbc6 10. Nd2 Be6 11. Nd5 Qd7 12. b4 axb4 13. axb4 f4 14. b5 Nd4 15. Nxe7+ Qxe7 16. Bb2 Rab8 17. Bxd4 exd4 18. Ra1 Rfd8 19. Ra7 fxg3 20. hxg3 d5 21. cxd5 Bxd5 22. Bxd5+ Rxd5 23. Qb3 Qd7 24. Rc1 Kh8 25. Ne4 Rh5 26. f3 Bh6 27. Rc5 Be3+ 28. Kf1 Rh1+ 0-1

[Event "SLO-chT2 West"]
[Site "Komenda"]
[Date "2019.11.17"]
[Round "5.6"]
[White "Bradac, Simon"]
[Black "Macek, Inti"]
[Result "1-0"]
[WhiteElo "1471"]
[BlackElo "1194"]
[PlyCount "81"]
[EventDate "2019.11.15"]
[EventType "team-tourn"]
[EventRounds "9"]
[EventCountry "SLO"]
[SourceTitle "EXT 2024"]
[Source "ChessBase"]
[SourceDate "2023.10.10"]
[SourceVersion "1"]
[SourceVersionDate "2023.10.10"]
[SourceQuality "1"]
[WhiteTeam "Ilirska Bistrica Rimex"]
[BlackTeam "Komenda SK"]
[WhiteTeamCountry "SLO"]
[BlackTeamCountry "SLO"]

1. e4 e5 2. Nf3 Nc6 3. Bc4 Bc5 4. c3 Nf6 5. d3 0-0 6. h3 h6 7. Nbd2 d6 8. Nf1 Be6 9. Bb3 d5 10. Qe2 dxe4 11. dxe4 Qd6 12. Bc2 Nh5 13. g3 Qd7 14. Nxe5 Nxe5 15. Qxh5 Bd6 16. f4 Nc6 17. f5 Bc4 18. Bxh6 Bxf1 19. Kxf1 gxh6 20. f6 Be5 21. Qxh6 Bxf6 22. Qxf6 Qe6 23. Qxe6 fxe6+ 24. Ke2 Rad8 25. Rhd1 Rc8 26. Bb3 Rf6 27. Rf1 Rh6 28. Rf4 Re8 29. Rg4+ Kf7 30. h4 Ne5 31. Rf1+ Ke7 32. Rg7+ Kd6 33. Ba4 Rd8 34. Rd1+ Kc5 35. Rxd8 Kb6 36. Rc8 c6 37. Rb8 Rf6 38. Rbxb7+ Ka6 39. b4 Nc4 40. Rxa7+ Kb6 41. Rgb7# 1-0